[Event "Turkish Super League 2019"]
[Site "Konya"]
[Date "2019.07.25"]
[Round "9"]
[White "Eren, Ataberk"]
[Black "Tanriverdi, Enes"]
[Result "1-0"]
[WhiteElo "2295"]
[BlackElo "2374"]
[Annotator "NA"]
[PlyCount "87"]
[EventDate "2019.07.17"]
[EventType "team-tourn"]
[EventCountry "TUR"]
[SourceTitle "playchess.com"]
[Source "ChessBase"]
[SourceQuality "1"]
[TimeControl "40/5400+30:1800+30"]

1. e4 c5 2. Nf3 e6 3. d4 cxd4 4. Nxd4 Nc6 5. Nc3 Qc7 6. Be2 a6 7. Be3 Nf6 8. O-O Be7 9. f4 d6 10. Kh1 O-O 11. Qe1 Nxd4 12. Bxd4 b5 13. Qg3 Bb7 14. a3 Rad8 15. Rae1 Bc6 16. Bd3 Qd7 17. Re3 e5 18. fxe5 Nh5 19. Qh3 Bg5 20. Qxh5 Bxe3 21. Bxe3 dxe5 22. Qxe5 f6 23. Qh5 Rde8 24. Bf4 {[%emt 0:26:00]} Qd4 {[%emt 0:32:00]} 25. e5 {[%emt 0:06:30]} f5 {[%emt 0:08:30]} 26. Bxf5 {[%emt 0:17:30]} g6 {[%emt 0:00:30]} 27. Bxg6 {[%emt 0:00:00]} Re7 {[%emt 0:00:00]} 28. Qh6 {[%emt 0:05:00]} Bxg2+ {[%emt 0:05:00]} 29. Kxg2 {[%emt 0:00:30]} Rg7 {[%emt 0:00:30]} 30. Kh1 {[%emt 0:02:30]} hxg6 {[%emt 0:00:30]} 31. Qg5 {[%emt 0:04:30]} a5 {[%emt 0:05:30]} 32. e6 {[%emt 0:02:30]} Qc4 {[%emt 0:10:30]} 33. Qxb5 {[%emt 0:13:30]} Qxb5 {[%emt 0:00:30]} 34. Nxb5 {[%emt 0:00:30]} g5 {[%emt 0:00:30]} 35. Kg2 {[%emt 0:01:30]} gxf4+ {[%emt 0:01:30]} 36. Kf3 {[%emt 0:01:30]} Rh7 {[%emt 0:06:30]} 37. Rg1+ {[%emt 0:02:30]} Kh8 {[%emt 0:00:30]} 38. Nd6 {[%emt 0:02:30]} Rh3+ {[%emt 0:00:30]} 39. Kf2 {[%emt 0:08:14]} Re3 {[%emt 0:00:00]} 40. Nf7+ {[%emt 0:00:20]} Kh7 {[%emt 0:00:00]} 41. Rg4 {[%emt 0:01:56]} Rg8 {[%emt 0:02:30]} 42. Ng5+ {[%emt 0:03:30]} Kg6 {[%emt 0:01:30]} 43. Ne4+ {[%emt 0:02:30]} Kh7 {[%emt 0:00:30]} 44. Nf6+ {[%emt 0:00:30]} 1-0

[Event "Turkish Super League 2019"]
[Site "Konya"]
[Date "2019.07.25"]
[Round "9"]
[White "Dogan, Nazmi Can"]
[Black "Karagollu, Ahmet"]
[Result "0-1"]
[WhiteElo "2276"]
[BlackElo "2135"]
[Annotator "NA"]
[PlyCount "144"]
[EventDate "2019.07.17"]
[EventType "team-tourn"]
[EventCountry "TUR"]
[SourceTitle "playchess.com"]
[Source "ChessBase"]
[SourceQuality "1"]
[TimeControl "40/5400+30:1800+30"]

1. Nf3 Nf6 2. c4 g6 3. g3 Bg7 4. Bg2 O-O 5. O-O d6 6. Nc3 Nc6 7. Rb1 a5 8. d3 e5 9. a3 Re8 10. b4 axb4 11. axb4 Nd4 12. Ne1 c6 {[%emt 0:15:00]} 13. e3 {[%emt 0:36:30]} Ne6 {[%emt 0:00:30]} 14. Nf3 {[%emt 0:04:30]} Nf8 {[%emt 0:12:30]} 15. b5 {[%emt 0:02:30]} d5 {[%emt 0:04:30]} 16. bxc6 {[%emt 0:10:30]} bxc6 {[%emt 0:00:30]} 17. d4 {[%emt 0:01:30]} e4 {[%emt 0:15:30]} 18. Ne5 {[%emt 0:00:30]} Ra6 {[%emt 0:00:30]} 19. cxd5 {[%emt 0:13:30]} cxd5 {[%emt 0:01:30]} 20. Qb3 {[%emt 0:01:30]} Be6 {[%emt 0:02:30]} 21. Ba3 {[%emt 0:03:30]} N6d7 {[%emt 0:06:30]} 22. Nxd7 {[%emt 0:02:30]} Qxd7 {[%emt 0:00:30]} 23. Rfc1 {[%emt 0:04:30]} Rea8 {[%emt 0:06:30]} 24. Bc5 {[%emt 0:00:30]} Rc8 {[%emt 0:06:30]} 25. Ra1 {[%emt 0:01:04]} Rxa1 {[%emt 0:01:30]} 26. Rxa1 {[%emt 0:00:05]} Rxc5 {[%emt 0:04:30]} 27. dxc5 {[%emt 0:00:42]} d4 {[%emt 0:00:30]} 28. Qc2 {[%emt 0:05:47]} dxc3 {[%emt 0:00:30]} 29. Bxe4 {[%emt 0:00:07]} Bd5 {[%emt 0:02:30]} 30. Bd3 {[%emt 0:07:24]} Ne6 {[%emt 0:02:30]} 31. Rd1 {[%emt 0:02:30]} Qb7 {[%emt 0:00:45]} 32. Rb1 {[%emt 0:00:16]} Qc7 {[%emt 0:00:53]} 33. Qa4 {[%emt 0:00:39]} Qxc5 {[%emt 0:05:34]} 34. Rb8+ {[%emt 0:01:52]} Bf8 {[%emt 0:00:43]} 35. Bc2 {[%emt 0:00:41]} Bc6 {[%emt 0:00:46]} 36. Qb3 {[%emt 0:01:07]} Ng5 {[%emt 0:00:38]} 37. Kf1 {[%emt 0:01:20]} Bd5 {[%emt 0:01:27]} 38. Qa4 {[%emt 0:01:40]} Bc4+ {[%emt 0:00:13]} 39. Kg1 {[%emt 0:01:18]} Nf3+ {[%emt 0:08:23]} 40. Kg2 {[%emt 0:00:00]} Ne1+ {[%emt 0:00:51]} 41. Kg1 {[%emt 0:00:58]} Bd3 {[%emt 0:04:17]} 42. Bb3 {[%emt 0:07:30]} c2 {[%emt 0:08:30]} 43. Qe8 {[%emt 0:16:40]} Nf3+ {[%emt 0:02:30]} 44. Kg2 {[%emt 0:00:04]} Ne5 {[%emt 0:00:00]} 45. Bxc2 {[%emt 0:03:43]} Bxc2 {[%emt 0:00:00]} 46. Rb5 {[%emt 0:00:49]} Qc6+ {[%emt 0:03:16]} 47. Qxc6 {[%emt 0:00:04]} Nxc6 {[%emt 0:00:40]} 48. f3 {[%emt 0:00:30]} f5 {[%emt 0:00:44]} 49. h3 {[%emt 0:01:26]} Bd3 {[%emt 0:01:48]} 50. Rd5 {[%emt 0:01:35]} Bc4 {[%emt 0:00:11]} 51. Rd1 {[%emt 0:00:12]} Ne5 {[%emt 0:00:37]} 52. Kf2 {[%emt 0:00:06]} Bc5 {[%emt 0:01:00]} 53. Rd8+ {[%emt 0:00:17]} Kf7 {[%emt 0:00:37]} 54. Rc8 {[%emt 0:00:06]} Bd5 {[%emt 0:04:06]} 55. Rc7+ {[%emt 0:00:34]} Be7 {[%emt 0:01:19]} 56. f4 {[%emt 0:00:18]} Nd3+ {[%emt 0:00:38]} 57. Ke2 {[%emt 0:00:08]} Nc5 {[%emt 0:00:02]} 58. g4 {[%emt 0:00:21]} fxg4 {[%emt 0:01:07]} 59. hxg4 {[%emt 0:00:30]} h5 {[%emt 0:00:00]} 60. gxh5 {[%emt 0:00:59]} gxh5 {[%emt 0:00:00]} 61. Kf2 {[%emt 0:00:30]} h4 {[%emt 0:00:19]} 62. Kg1 {[%emt 0:00:28]} Bf3 {[%emt 0:04:07]} 63. Kh2 {[%emt 0:01:00]} Bg4 {[%emt 0:01:09]} 64. Rc6 {[%emt 0:00:13]} Ne4 {[%emt 0:00:18]} 65. Ra6 {[%emt 0:00:49]} Bf6 {[%emt 0:01:51]} 66. Ra4 {[%emt 0:00:18]} Bf5 {[%emt 0:00:17]} 67. Ra8 {[%emt 0:00:20]} h3 {[%emt 0:00:11]} 68. Ra5 {[%emt 0:00:14]} Bg4 {[%emt 0:01:49]} 69. Ra4 {[%emt 0:00:04]} Nc3 {[%emt 0:00:10]} 70. Rc4 {[%emt 0:00:18]} Ne2 {[%emt 0:00:23]} 71. e4 {[%emt 0:01:34]} Bh4 {[%emt 0:00:13]} 72. Rc7+ {[%emt 0:00:37]} Kg8 {[%emt 0:00:23]} 0-1

[Event "Turkish Super League 2019"]
[Site "Konya"]
[Date "2019.07.25"]
[Round "9"]
[White "Samani, Yamac"]
[Black "Quparadze, Giga"]
[Result "0-1"]
[WhiteElo "2266"]
[BlackElo "2499"]
[Annotator "TA"]
[PlyCount "80"]
[EventDate "2019.07.17"]
[EventType "team-tourn"]
[EventCountry "TUR"]
[SourceTitle "playchess.com"]
[Source "ChessBase"]
[SourceQuality "1"]

{[%evp 22,80,-14,-4,26,-22,-25,-58,-43,-85,-45,-44,-40,-26,-32,-116,-118,-95,-91,-118,-112,-121,-135,-124,-116,-204,-141,-142,-154,-213,-214,-237,-237,-254,-256,-310,-309,-298,-314,-339,-345,-330,-309,-309,-301,-427,-294,-549,-509,-603,-587,-754,-790,-980,-1027,-957,-953,-1258,-1193,-1886,-1868]} 1. e4 c5 2. Nf3 e6 3. d4 cxd4 4. Nxd4 a6 5. Nc3 b5 6. Be2 Bb7 7. Bf3 Qc7 8. O-O Nc6 9. Nxc6 dxc6 10. Qe2 Bd6 11. g3 Nf6 12. Bg2 h5 $146 {B43: Sicilian: Kan Variation: 5 Nc3} ({Predecessor:} 12... O-O 13. a4 e5 14. Be3 Rad8 15. Rad1 Qe7 16. h3 Bc5 17. Nb1 bxa4 18. Bxc5 Qxc5 19. c3 Qb5 20. Qc2 {0-1 (87) Nikitenko,M (2396)-Landa,K (2625) Minsk 2015}) 13. f4 e5 14. f5 a5 {Black is slightly better.} 15. Rd1 Bc5+ 16. Be3 Qb6 17. Bxc5 Qxc5+ 18. Qf2 (18. Kh1 $1 $15) 18... Qxf2+ $17 19. Kxf2 {[#]} Ng4+ $1 20. Kg1 Ne3 21. Rd2 {[#]} Nc4 $1 {[%cal Rc4d2]} 22. Rf2 Nxb2 23. f6 (23. Rb1 $17 Nc4 24. Na4) 23... g6 24. Rb1 Nc4 25. Bf1 (25. Na4 $17 {was worth a try.}) 25... Nd6 $19 26. Rd2 O-O-O 27. Rbd1 Kc7 28. Bh3 Bc8 (28... b4 $2 29. Na4 $17) 29. Bxc8 Nxc8 30. Kf2 Rxd2+ 31. Rxd2 Rd8 32. Rxd8 Kxd8 {[%mdl 4096] Endgame KN-KN} 33. a4 (33. h3 $142) 33... b4 34. Nd1 $2 (34. Nb1 {was forced.}) 34... Nb6 {Black is clearly winning.} 35. Ne3 Kd7 36. g4 hxg4 37. Kg3 Ke6 38. Kxg4 Kxf6 39. h4 Ke6 40. Kg5 c5 {Accuracy: White = 11%, Black = 78%.} 0-1

[Event "Turkish Super League 2019"]
[Site "Konya"]
[Date "2019.07.25"]
[Round "9"]
[White "Yaran, Siar"]
[Black "Soysal, Serkan"]
[Result "1-0"]
[WhiteElo "2197"]
[BlackElo "2431"]
[Annotator "TA"]
[PlyCount "79"]
[EventDate "2019.07.17"]
[EventType "team-tourn"]
[EventCountry "TUR"]
[SourceTitle "playchess.com"]
[Source "ChessBase"]
[SourceQuality "1"]

{[%evp 10,79,33,33,31,23,45,10,12,0,12,27,48,33,51,26,72,58,61,-12,96,91,112,124,120,122,137,111,156,138,151,163,149,186,189,168,184,173,169,0,0,0,0,0,0,-70,-67,-108,10,0,0,0,0,0,29984,29985,29985,29986,29986,29987,29987,29988,29988,29989,29989,29990,29990,29991,29991,29992,29992,29990]} 1. c4 b6 2. Nc3 Bb7 3. d4 Nf6 4. Qc2 d5 5. cxd5 Nxd5 6. e4 Nxc3 {A50: Queen's Fianchetto Defence (1 d4 Nf6 2 c4 b6)} 7. bxc3 e5 8. dxe5 (8. Nf3 Nd7 9. Bc4 Bd6 10. Ng5 O-O 11. O-O Be7 12. f4 Bxg5 13. fxg5 Qe7 14. Bd3 exd4 15. cxd4 {½-½ (38) Le,Q (2737)-Iturrizaga Bonelli,E (2650) chess.com INT 2018}) 8... Qh4 {The position is equal.} 9. Bd3 Nd7 10. Nf3 Qg4 $146 ({Predecessor:} 10... Qh5 11. O-O Nxe5 12. Nxe5 Qxe5 13. Qa4+ c6 14. Ba6 Bxa6 15. Qxc6+ {1-0 (15) Sychevskyy,A (2315)-Odnorozhenko,E (2328) Lvov 2016}) 11. O-O O-O-O 12. Be3 Bc5 13. Bd4 f6 14. Rae1 ({Better is} 14. h3 $14 Qe6 15. exf6 gxf6 16. Qb3) 14... Rhe8 {[#]} (14... fxe5 $1 $11 15. Bxe5 (15. Nxe5 Nxe5 16. Bxe5 Qg5 $11) 15... Nxe5 16. Nxe5 Qh5) 15. Bb5 $1 $16 c6 {[#]} 16. Be2 $1 Qe6 {[%cal Rf6e5]} 17. exf6 gxf6 18. Bd3 Rg8 {...Rxg2+! is the strong threat.} 19. g3 Qg4 20. Re3 {Strongly threatening e5.} Kb8 21. e5 Bxd4 22. cxd4 c5 23. Bf5 ({Don't play} 23. Bxh7 $6 cxd4 24. Nxd4 Nxe5 $16) 23... Qh5 24. d5 $2 ({Inferior is} 24. Bxh7 cxd4 25. Nxd4 Rh8 $11) ({Only move:} 24. e6 $18 cxd4 25. Nxd4) 24... Bxd5 $11 25. e6 Bxf3 26. exd7 {Hoping for Ra3.} Rg5 27. Rxf3 (27. Be6 $11) 27... Qxf3 $15 28. Be4 Qg4 (28... Qf4 $17 29. Rd1 Rg4 30. Bxh7 Qc4) 29. f4 $11 Rg7 30. Bf5 Qh5 31. Qd3 $40 {[%mdl 128] And now Qd6+ would win. White attacks.} Qf7 $2 {[%mdl 8192]} (31... Kc7 $11) 32. Qd6+ {White mates.} Kb7 33. Be4+ Ka6 34. Qd3+ b5 35. Qd6+ {[%mdl 64] Double Attack} Ka5 36. Qc7+ {[%mdl 64] Double Attack} Kb4 37. Rb1+ Kc4 38. Rc1+ Kd4 39. Qxc5+ Kxe4 40. Rc3 {Accuracy: White = 57%, Black = 59%.} 1-0

[Event "Turkish Super League 2019"]
[Site "Konya"]
[Date "2019.07.25"]
[Round "9"]
[White "Seyhanoglu, Deniz"]
[Black "Uysal, Burak"]
[Result "0-1"]
[WhiteElo "2115"]
[BlackElo "2228"]
[Annotator "NA"]
[PlyCount "118"]
[EventDate "2019.07.17"]
[EventType "team-tourn"]
[EventCountry "TUR"]
[SourceTitle "playchess.com"]
[Source "ChessBase"]
[SourceQuality "1"]
[TimeControl "40/5400+30:1800+30"]

1. c4 e5 2. g3 c6 3. d4 e4 4. Bg2 d5 5. Nc3 Nf6 6. Bg5 Nbd7 7. cxd5 cxd5 8. Qb3 h6 9. Bf4 Nb6 10. Nb5 Be7 11. Nc7+ Kf8 12. Nxa8 Nxa8 {[%emt 0:16:00]} 13. Rc1 {[%emt 0:34:30]} g5 {[%emt 0:00:30]} 14. Bd2 {[%emt 0:02:30]} Kg7 {[%emt 0:02:30]} 15. h4 {[%emt 0:01:30]} g4 {[%emt 0:04:30]} 16. e3 {[%emt 0:01:30]} Bd6 {[%emt 0:09:30]} 17. Ne2 {[%emt 0:00:00]} Qe7 {[%emt 0:13:30]} 18. Nf4 {[%emt 0:06:00]} Nb6 {[%emt 0:02:30]} 19. O-O {[%emt 0:10:30]} Bd7 {[%emt 0:03:30]} 20. Rfd1 {[%emt 0:04:30]} Ba4 {[%emt 0:01:30]} 21. Qc3 {[%emt 0:04:30]} Rc8 {[%emt 0:11:30]} 22. Qa5 {[%emt 0:06:30]} Bxd1 {[%emt 0:00:30]} 23. Rxd1 {[%emt 0:00:30]} Nc4 {[%emt 0:05:30]} 24. Qxa7 {[%emt 0:05:30]} Bb8 {[%emt 0:05:30]} 25. Qa8 {[%emt 0:07:33]} Qd7 {[%emt 0:00:30]} 26. Ne2 {[%emt 0:02:56]} Bxg3 {[%emt 0:00:30]} 27. Qxc8 {[%emt 0:00:18]} Bxf2+ {[%emt 0:04:30]} 28. Kxf2 {[%emt 0:00:01]} Qxc8 {[%emt 0:00:00]} 29. Bc1 {[%emt 0:02:10]} Nh5 {[%emt 0:03:29]} 30. Rf1 {[%emt 0:04:04]} Qd8 {[%emt 0:03:00]} 31. Rh1 {[%emt 0:01:10]} Qd6 {[%emt 0:02:34]} 32. b3 {[%emt 0:00:27]} g3+ {[%emt 0:01:28]} 33. Ke1 {[%emt 0:00:23]} Nb6 {[%emt 0:02:18]} 34. Bh3 {[%emt 0:01:04]} Qf6 {[%emt 0:01:08]} 35. Rf1 {[%emt 0:05:03]} Qxh4 {[%emt 0:00:43]} 36. Bg2 {[%emt 0:00:11]} Qg5 {[%emt 0:04:13]} 37. Kd2 {[%emt 0:00:43]} Nd7 {[%emt 0:00:56]} 38. Ba3 {[%emt 0:00:32]} Qd8 {[%emt 0:00:49]} 39. Bb4 {[%emt 0:01:59]} Qb6 {[%emt 0:01:02]} 40. a3 {[%emt 0:00:00]} Qa6 {[%emt 0:00:00]} 41. Nc1 {[%emt 0:04:56]} Qe6 {[%emt 0:06:20]} 42. Rh1 {[%emt 0:02:30]} Ndf6 {[%emt 0:01:30]} 43. Bh3 {[%emt 0:02:30]} Ng4 {[%emt 0:06:30]} 44. Rg1 {[%emt 0:01:30]} Qg6 {[%emt 0:01:30]} 45. Bxg4 {[%emt 0:07:15]} Qxg4 {[%emt 0:00:00]} 46. Bd6 {[%emt 0:00:49]} g2 {[%emt 0:05:14]} 47. Ne2 {[%emt 0:00:12]} Qf3 {[%emt 0:01:22]} 48. a4 {[%emt 0:01:57]} f5 {[%emt 0:00:24]} 49. a5 {[%emt 0:03:26]} f4 {[%emt 0:01:41]} 50. Bxf4 {[%emt 0:00:08]} Nxf4 {[%emt 0:01:06]} 51. Nxf4 {[%emt 0:00:03]} Qf2+ {[%emt 0:00:27]} 52. Ne2 {[%emt 0:00:02]} h5 {[%emt 0:00:18]} 53. b4 {[%emt 0:03:23]} h4 {[%emt 0:01:32]} 54. b5 {[%emt 0:00:02]} h3 {[%emt 0:00:13]} 55. a6 {[%emt 0:00:05]} bxa6 {[%emt 0:01:08]} 56. bxa6 {[%emt 0:00:02]} Qxg1 {[%emt 0:00:21]} 57. Nxg1 {[%emt 0:01:29]} h2 {[%emt 0:00:06]} 58. a7 {[%emt 0:00:46]} hxg1=Q {[%emt 0:00:06]} 59. a8=Q {[%emt 0:00:13]} Qf2+ {[%emt 0:00:05]} 0-1

[Event "Turkish Super League 2019"]
[Site "Konya"]
[Date "2019.07.25"]
[Round "9"]
[White "Zeydan, Salih"]
[Black "Tasdogen, Dincer"]
[Result "0-1"]
[WhiteElo "2101"]
[BlackElo "2310"]
[Annotator "NA"]
[PlyCount "80"]
[EventDate "2019.07.17"]
[EventType "team-tourn"]
[EventCountry "TUR"]
[SourceTitle "playchess.com"]
[Source "ChessBase"]
[SourceQuality "1"]
[TimeControl "40/5400+30:1800+30"]

1. e4 c5 2. Nf3 Nc6 3. Bb5 e6 4. O-O Nge7 5. Re1 a6 6. Bf1 d5 7. d3 dxe4 8. dxe4 Qc7 9. Nbd2 Ng6 {[%emt 0:33:30]} 10. a4 {[%emt 0:17:00]} Rb8 {[%emt 0:01:30]} 11. Nc4 {[%emt 0:08:30]} b5 {[%emt 0:08:30]} 12. Na3 {[%emt 0:04:30]} Na7 {[%emt 0:09:30]} 13. h4 {[%emt 0:04:30]} h6 {[%emt 0:22:30]} 14. h5 {[%emt 0:02:30]} Ne7 {[%emt 0:05:32]} 15. g3 {[%emt 0:01:30]} g5 {[%emt 0:03:11]} 16. hxg6 {[%emt 0:15:30]} Nxg6 {[%emt 0:00:04]} 17. e5 {[%emt 0:01:30]} Be7 {[%emt 0:03:10]} 18. Bd3 {[%emt 0:07:30]} c4 {[%emt 0:01:47]} 19. Be4 {[%emt 0:06:30]} b4 {[%emt 0:00:32]} 20. Nb1 {[%emt 0:00:30]} h5 {[%emt 0:07:09]} 21. Nbd2 {[%emt 0:05:30]} Bd7 {[%emt 0:02:51]} 22. b3 {[%emt 0:03:30]} c3 {[%emt 0:00:26]} 23. Nc4 {[%emt 0:00:30]} Bc6 {[%emt 0:00:27]} 24. Bg5 {[%emt 0:06:55]} Rd8 {[%emt 0:00:46]} 25. Nd6+ {[%emt 0:02:53]} Kf8 {[%emt 0:00:01]} 26. Bxg6 {[%emt 0:08:43]} fxg6 {[%emt 0:00:04]} 27. Nd4 {[%emt 0:00:00]} Bd5 {[%emt 0:00:26]} 28. Qc1 {[%emt 0:01:15]} Rh7 {[%emt 0:01:30]} 29. Re4 {[%emt 0:03:50]} Kg8 {[%emt 0:00:22]} 30. Bxe7 {[%emt 0:01:02]} Qxe7 {[%emt 0:00:30]} 31. Rf4 {[%emt 0:00:30]} h4 {[%emt 0:00:30]} 32. g4 {[%emt 0:00:30]} h3 {[%emt 0:00:30]} 33. f3 {[%emt 0:00:30]} Rxd6 {[%emt 0:00:30]} 34. exd6 {[%emt 0:00:30]} Qxd6 {[%emt 0:00:30]} 35. Ne2 {[%emt 0:00:30]} g5 {[%emt 0:00:30]} 36. Rf6 {[%emt 0:00:30]} Qe5 {[%emt 0:00:30]} 37. Rg6+ {[%emt 0:00:30]} Kf7 {[%emt 0:00:30]} 38. Rxg5 {[%emt 0:00:42]} h2+ {[%emt 0:00:00]} 39. Kf2 {[%emt 0:00:56]} h1=Q {[%emt 0:00:00]} 40. Rxe5 {[%emt 0:00:38]} Qxf3+ {[%emt 0:00:00]} 0-1

[Event "Turkish Super League 2019"]
[Site "Konya"]
[Date "2019.07.25"]
[Round "9"]
[White "Korkmaz, Necmettin"]
[Black "Yuksel, Atilla Koksal"]
[Result "0-1"]
[WhiteElo "2078"]
[BlackElo "2241"]
[Annotator "ChessBase"]
[PlyCount "84"]
[EventDate "2019.07.17"]
[EventType "team-tourn"]
[EventCountry "TUR"]
[SourceTitle "playchess.com"]
[Source "ChessBase"]
[SourceQuality "1"]
[TimeControl "40/5400+30:1800+30"]

1. e4 c5 2. Nf3 Nc6 3. d4 cxd4 4. Nxd4 Nf6 5. Nc3 d6 6. Bg5 e6 7. Qd2 a6 8. O-O-O Bd7 9. f3 Be7 10. h4 h6 11. Be3 h5 12. Bg5 Ne5 13. Qe1 Qc7 14. f4 Neg4 15. Be2 b5 {[%emt 0:28:30]} 16. Bf3 {[%emt 0:29:00]} Rc8 {[%emt 0:03:30]} 17. Rd2 {[%emt 0:05:30]} g6 {[%emt 0:15:30]} 18. Kb1 {[%emt 0:17:30]} b4 {[%emt 0:01:30]} 19. Nd1 {[%emt 0:00:30]} e5 {[%emt 0:02:30]} 20. Ne2 {[%emt 0:15:30]} Be6 {[%emt 0:03:30]} 21. Bxg4 {[%emt 0:09:30]} Nxg4 {[%emt 0:03:30]} 22. Bxe7 {[%emt 0:00:00]} Kxe7 {[%emt 0:00:30]} 23. Nc1 {[%emt 0:03:00]} Qb6 {[%emt 0:10:30]} 24. Qg3 {[%emt 0:03:17]} Rhd8 {[%emt 0:06:30]} 25. Re1 {[%emt 0:00:32]} Kf8 {[%emt 0:04:30]} 26. Ne3 {[%emt 0:06:00]} Rc3 {[%emt 0:00:30]} 27. Rd3 {[%emt 0:01:42]} Rxd3 {[%emt 0:01:30]} 28. Nxd3 {[%emt 0:01:59]} Nxe3 {[%emt 0:02:45]} 29. Rxe3 {[%emt 0:02:06]} exf4 {[%emt 0:02:48]} 30. Nxf4 {[%emt 0:02:59]} Qd4 {[%emt 0:00:50]} 31. Re1 {[%emt 0:01:31]} Re8 {[%emt 0:05:28]} 32. Rf1 {[%emt 0:03:51]} Bxa2+ {[%emt 0:07:20]} 33. Ka1 {[%emt 0:00:08]} Rxe4 {[%emt 0:00:00]} 34. Nxg6+ {[%emt 0:00:55]} Ke8 {[%emt 0:00:00]} 35. Nf4 {[%emt 0:00:54]} Bc4 {[%emt 0:00:54]} 36. Qg8+ {[%emt 0:00:57]} Kd7 {[%emt 0:00:46]} 37. Nd3 {[%emt 0:00:05]} Re8 {[%emt 0:02:50]} 38. Qg5 {[%emt 0:00:55]} b3 {[%emt 0:00:30]} 39. Qf5+ {[%emt 0:00:17]} Be6 {[%emt 0:00:41]} 40. Qa5 {[%emt 0:00:00]} bxc2 {[%emt 0:00:00]} 41. Qxa6 {[%emt 0:04:52]} Rb8 {[%emt 0:08:08]} 42. Rc1 {[%emt 0:02:30]} Bd5 {[%emt 0:01:30]} 0-1

[Event "Turkish Super League 2019"]
[Site "Konya"]
[Date "2019.07.25"]
[Round "9"]
[White "Dolgun, Can"]
[Black "Kamer, Kayra"]
[Result "0-1"]
[WhiteElo "2064"]
[BlackElo "2340"]
[Annotator "NA RC"]
[PlyCount "64"]
[EventDate "2019.07.17"]
[EventType "team-tourn"]
[EventCountry "TUR"]
[SourceTitle "playchess.com"]
[Source "ChessBase"]
[SourceQuality "1"]
[TimeControl "40/5400+30:1800+30"]

1. e4 c5 2. Nf3 e6 3. d4 cxd4 4. Nxd4 a6 5. c4 Nf6 6. Nc3 Qc7 7. Be2 b6 8. Be3 Bb7 9. f3 Bd6 10. Qd2 Bxh2 11. Rxh2 Qg3+ 12. Kf1 Qxh2 13. Bf4 {[%emt 0:32:30]} Qh4 {[%emt 0:18:30]} 14. Bg5 {[%emt 0:29:30]} Qh5 {[%emt 0:00:30]} 15. e5 {[%emt 0:13:30]} h6 {[%emt 0:00:00]} 16. Bf4 {[%emt 0:02:30]} g5 {[%emt 0:00:00]} 17. Bg3 {[%emt 0:05:26]} Qh1+ {[%emt 0:00:30]} 18. Kf2 {[%emt 0:00:53]} Ng4+ {[%emt 0:00:00]} 19. fxg4 {[%emt 0:00:08]} Qxg2+ {[%emt 0:00:00]} 20. Ke3 {[%emt 0:00:05]} Qxg3+ {[%emt 0:00:00]} 21. Bf3 {[%emt 0:01:12]} Qxe5+ {[%emt 0:00:00]} 22. Kd3 {[%emt 0:00:16]} Bxf3 {[%emt 0:01:30]} 23. Nxf3 {[%emt 0:00:02]} Qd6+ {[%emt 0:00:00]} 24. Kc2 {[%emt 0:00:21]} Qxd2+ {[%emt 0:00:00]} 25. Kxd2 {[%emt 0:00:02]} Nc6 {[%emt 0:00:00]} 26. Ne4 {[%emt 0:00:34]} Ke7 {[%emt 0:00:00]} 27. b3 {[%emt 0:00:00]} f5 {[%emt 0:00:00]} 28. gxf5 {[%emt 0:00:08]} exf5 {[%emt 0:00:00]} 29. Nc3 {[%emt 0:00:03]} Kf7 {[%emt 0:00:30]} 30. a3 {[%emt 0:00:13]} Rhe8 {[%emt 0:00:30]} 31. b4 {[%emt 0:00:17]} Ne5 {[%emt 0:00:00]} 32. Nxe5+ {[%emt 0:00:59]} Rxe5 {[%emt 0:00:00]} 0-1

[Event "Turkish Super League 2019"]
[Site "Konya"]
[Date "2019.07.25"]
[Round "10"]
[White "Inarkiev, Ernesto"]
[Black "Moiseenko, Vadim"]
[Result "1-0"]
[WhiteElo "2693"]
[BlackElo "2523"]
[Annotator "RC"]
[PlyCount "63"]
[EventDate "2019.07.17"]
[EventType "team-tourn"]
[EventCountry "TUR"]
[SourceTitle "playchess.com"]
[Source "ChessBase"]
[SourceQuality "1"]
[TimeControl "40/5400+30:1800+30"]

1. e4 {[%emt 0:04:30]} e5 {[%emt 0:01:30]} 2. Nf3 {[%emt 0:00:30]} Nc6 {[%emt 0:00:30]} 3. Bb5 {[%emt 0:00:00]} a6 {[%emt 0:00:30]} 4. Ba4 {[%emt 0:00:00]} b5 {[%emt 0:00:30]} 5. Bb3 {[%emt 0:00:00]} Na5 {[%emt 0:00:00]} 6. O-O {[%emt 0:00:00]} d6 {[%emt 0:00:00]} 7. d4 {[%emt 0:00:30]} exd4 {[%emt 0:00:00]} 8. Re1 {[%emt 0:00:30]} Ne7 {[%emt 0:03:00]} 9. Nxd4 {[%emt 0:14:30]} c5 {[%emt 0:08:30]} 10. Nf5 {[%emt 0:11:30]} Bxf5 {[%emt 0:01:30]} 11. exf5 {[%emt 0:00:30]} c4 {[%emt 0:00:30]} 12. Nc3 {[%emt 0:00:30]} f6 {[%emt 0:14:30]} 13. a4 {[%emt 0:04:30]} cxb3 {[%emt 0:02:30]} 14. axb5 {[%emt 0:00:30]} Kf7 {[%emt 0:03:30]} 15. bxa6 {[%emt 0:24:30]} Nac6 {[%emt 0:04:30]} 16. Nd5 {[%emt 0:10:30]} bxc2 {[%emt 0:07:30]} 17. Qxc2 {[%emt 0:00:00]} Nxd5 {[%emt 0:03:30]} 18. Qxc6 {[%emt 0:00:00]} Ne7 {[%emt 0:00:00]} 19. Rxe7+ {[%emt 0:08:28]} Bxe7 {[%emt 0:00:00]} 20. Qd5+ {[%emt 0:00:00]} Kf8 {[%emt 0:00:30]} 21. b4 {[%emt 0:02:44]} g5 {[%emt 0:00:30]} 22. b5 {[%emt 0:03:44]} Kg7 {[%emt 0:01:30]} 23. Be3 {[%emt 0:00:04]} Qd7 {[%emt 0:00:30]} 24. b6 {[%emt 0:00:59]} Rhb8 {[%emt 0:01:30]} 25. h4 {[%emt 0:00:49]} Qc8 {[%emt 0:06:30]} 26. Qb5 {[%emt 0:01:49]} h6 {[%emt 0:12:30]} 27. Bd4 {[%emt 0:02:03]} Ra7 {[%emt 0:05:30]} 28. Qe2 {[%emt 0:04:45]} Rd7 {[%emt 0:02:30]} 29. Qh5 {[%emt 0:00:09]} Qe8 {[%emt 0:04:30]} 30. Qxe8 {[%emt 0:02:35]} Rxe8 {[%emt 0:00:30]} 31. b7 {[%emt 0:00:00]} d5 {[%emt 0:01:41]} 32. Rb1 {[%emt 0:00:00]} 1-0